000 00525nam a22001577u 4500
008 130405s2003 xxu||||| |||| 00| 0 spa d
020 _a848169522X
041 _aspa
100 1 _aEstévez López, Elisa
_92828
245 0 0 _aEl poder de una mujer creyente
_b:Cuerpo, identidad y discipulado en Mc 5,24B-34. Un estudio desde las ciencias sociales
_cElisa Estévez López
260 _aEstella:
_bVerbo Divino,
_c2003
300 _a497 p.
_c;24 cm.
630 0 4 _aBiblia
_pN.T.
_pEvangelios
_913405
942 _cBK
001 75570
999 _c251975
_d251975